| 000 | 01104nam a2200277 a 4500 | ||
|---|---|---|---|
| 003 | BLK | ||
| 005 | 20250730111341.0 | ||
| 008 | 180411b bul|||||r ||||||| ||bul|| | ||
| 020 | _a9786197560312 | ||
| 040 | _aBLK | ||
| 041 |
_aBUL _cBUL |
||
| 080 |
_aАмериканска литература (на САЩ) _b821.111(73) _x-93-32 _z821.111(73)-93-32 |
||
| 084 | _aК 54 | ||
| 100 |
_aКини, Джеф _9309890 |
||
| 245 | 1 | 0 |
_aДневникът на един Дръндьо _bЧ. 1 - _cДжеф Кини ; прев. Михаил Балабанов. _nЧ. 19 _pПълна каша |
| 257 | _aUSA | ||
| 260 |
_aСофия _bДУО ДИЗАЙН _c2024 |
||
| 300 |
_a218 с. _bс ил. _c21 см |
||
| 380 | _aDX | ||
| 500 | _aОриг. загл. Diary of a Wimpy Kid : Hot Mess/ Jeff Kinney | ||
| 700 |
_aБалабанов, Михаил Петров _eпрев. _9443003 |
||
| 852 |
_bД _c821-93/К 54 Д |
||
| 942 |
_cKNG _n0 _s1 _040 |
||
| 944 |
_a30540 _cСевдалина Тодорова _k30564 _lАнна Гръцманова |
||
| 999 |
_c523276 _d523276 |
||